Wird geladen...

Moving Focus; Essays on Indian Art

Bibliographische Detailangaben
1. Verfasser: K.G.subramaniyan
Format: Printed Book
Veröffentlicht: New Delhi; Lalit Kala Academy; 1978
Schlagworte:
LEADER 00475nam a22001337a 4500
082 |a 700  |b SUB/M L8 
100 |a K.G.subramaniyan  |9 316946 
245 |a Moving Focus;  |b Essays on Indian Art 
260 |a New Delhi;  |b Lalit Kala Academy;  |c 1978 
300 |a 122p. 
650 |a English;Arts  |9 316947 
942 |c BK 
999 |c 65005  |d 65005 
952 |0 0  |1 0  |4 0  |6 700_000000000000000_SUB_M_L8  |7 0  |8 ARTS  |9 77652  |a MAL  |b MAL  |d 2016-10-14  |e 28740  |g 35.00  |l 0  |o 700 SUB/M L8  |p MAL028740  |r 2016-10-14  |t 1  |w 2016-10-14  |y BK